000
00235nam a22001097a 4500
020
_a
9781421510927
082
_a
K760
100
_a
ODA, EIICHIRO
245
_a
ONE PIECE - BAROQUE WORKS - PART 4 - BOOK 15
300
_a
200P
942
_c
BK
999
_c
7571
_d
7571